Tabla de contenidos: volumen 8, número 9, 1989
Guardado en:
| Format: | Texto |
|---|---|
| Sprog: | English |
| Tags: |
Tilføj Tag
Ingen Tags, Vær først til at tagge denne postø!
|
MARC
| LEADER | 00000 a a2200000 04500 | ||
|---|---|---|---|
| 003 | cru IIS | ||
| 005 | 20220210134951.0 | ||
| 008 | 211123s1989 -us|||p|r|||| 00| 0 eng d | ||
| 040 | |c cru IIS | ||
| 245 | |a Tabla de contenidos: |b volumen 8, número 9, 1989 | ||
| 505 | |a Contenido: 1. Nicaraguan elections: challenge to Sandinistas and U. S.. -- 2. Honduras: facing the elections | ||
| 773 | 0 | |0 43106 |9 6359 |a Central America Research Institute |d California: Central America Research Institute 1982- |o 21706 |t Central America Bulletin / | |
| 942 | |2 ddc |c PP | ||
| 999 | |c 44086 |d 44086 | ||
